01341nam a2200373Ia 4500001000700000003000500007008004100012010001100053040000900064082001700073100002800090245012800118260004200246300001100288500008800299503002600387504003200413650003900445650003000484650002200514650003100536650005000567650001800617700004100635700003100676901001700707902000600724910000900730942000600739942000700745999001900752952009800771952009800869Z_1228CHAP220113s1965 xx 000 0 und d a164316 cCHAP a636.0824 H47 aHerrick, John B.954990 aEvaluación de la fertilidad del toro y del verraco /cJohn B. Herrick y H. L. Self ; traducción Jaime Esaín Escobar aZaragoza, España :bAcribia,c1965 a135 p. aTraducción del título en inglés: Evaluation of fertility in the bull and boar aej.1: s/n \ ej.2: s/n aBibliografía: p. 97 - 101 aEvaluación de sementales9138443 aFertilidad animal9138444 aPorcinos.9138445 aReproduccion animal996028 aSemen xx Técnicas de laboratorio 9138446 aToros9138447 a Escobar, Jaime Esaín, tr.9138448 aSelf, H. L., aut. 9138449 a636.0824 H47 aM a1965 c1 cc1 c164316d164316 00102ddc40708GRALaZbZc1d2017-08-21pz_6941r2022-01-18 00:00:00t1w2022-01-18yLIBRO 00102ddc40708GRALaZbZc1d2017-08-22pz_6942r2022-01-18 00:00:00t2w2022-01-18yLIBRO